[Event "Challenge"]
[Site "http://www.queenalice.com/game.php?id=291512"]
[Date "2007.10.23"]
[Round "-"]
[White "samuelrmgs"]
[Black "Elvillamizar"]
[Result "0-1"]
[WhiteElo "1201"]
[BlackElo "1100"]

1. d4 d5 2. Bf4 c6 3. e3 Nf6 4. Nc3 Bg4 5. Be2 Bxe2 6. Ngxe2 e6 7. Bxb8 Rxb8 8.
O-O Bd6 9. Na4 b6 10. a3 O-O 11. Nec3 Qc7 12. b3 Bxh2+ 13. Kh1 Bd6 14. g3 Qe7
15. b4 Nd7 16. g4 Qh4+ 17. Kg1 Qh2# 0-1

[Event "AUTO-OPEN-876"]
[Site "http://www.queenalice.com/game.php?id=291538"]
[Date "2007.10.23"]
[Round "1"]
[White "arrabi"]
[Black "Elvillamizar"]
[Result "1-0"]
[WhiteElo "2030"]
[BlackElo "1138"]

1. e4 e5 2. Bc4 Nf6 3. d3 Be7 4. f4 d5 5. exd5 Nxd5 6. fxe5 O-O 7. Qf3 Be6 8.
Ne2 Nc6 9. d4 a6 10. O-O b5 11. Bb3 a5 12. c3 Qd7 13. h3 a4 14. Bc2 f6 15. Qg3
fxe5 16. Rxf8+ Rxf8 17. dxe5 Bc5+ 18. Nd4 Nxd4 19. Bxh7+ Kxh7 20. Qh4+ Kg8 21.
cxd4 Bb6 22. Nc3 c5 23. Ne4 1-0

[Event "AUTO-OPEN-876"]
[Site "http://www.queenalice.com/game.php?id=291539"]
[Date "2007.10.23"]
[Round "1"]
[White "Elvillamizar"]
[Black "arrabi"]
[Result "0-1"]
[WhiteElo "1136"]
[BlackElo "2032"]

1. d4 d5 2. c4 Nf6 3. Nf3 g6 4. Nc3 c6 5. Bf4 Nbd7 6. e3 Bg7 7. Be2 O-O 8. O-O
Re8 9. Re1 Nh5 10. Bg3 Nxg3 11. fxg3 Nf6 12. Rf1 Qb6 13. Qc2 Ng4 14. Nd1 Nxe3
15. Nxe3 Bxd4 16. Nxd4 Qxd4 17. Qc1 e5 18. Kh1 f5 19. Nc2 Qb6 20. cxd5 cxd5 21.
b3 a5 22. Rb1 Kg7 23. Qb2 Bd7 0-1

[Event "AUTO-OPEN-877"]
[Site "http://www.queenalice.com/game.php?id=291856"]
[Date "2007.10.23"]
[Round "1"]
[White "mateus_amorim"]
[Black "Elvillamizar"]
[Result "1-0"]
[WhiteElo "1806"]
[BlackElo "1164"]

1. e4 e5 2. Bc4 Nf6 3. d3 c6 4. Nf3 d5 5. exd5 cxd5 6. Bb5+ Bd7 7. Bxd7+ Nbxd7
8. Qe2 Bd6 9. O-O O-O 10. h3 Rc8 11. a3 Re8 12. Bg5 h6 13. Bh4 a6 14. c3 Qb6 15.
Qd2 Bc5 16. b4 Bd6 17. a4 1-0

[Event "AUTO-OPEN-877"]
[Site "http://www.queenalice.com/game.php?id=291857"]
[Date "2007.10.23"]
[Round "1"]
[White "Elvillamizar"]
[Black "mateus_amorim"]
[Result "0-1"]
[WhiteElo "1162"]
[BlackElo "1808"]

1. d4 d5 2. c4 c6 3. Nf3 Nf6 4. Bf4 e6 5. e3 h6 6. Bd3 Nbd7 7. O-O Be7 8. Nc3
O-O 9. Rc1 Nh5 10. Be5 Nxe5 11. Nxe5 Nf6 12. Re1 b6 13. Nxc6 Qc7 14. cxd5 exd5
15. Nxe7+ Qxe7 16. a3 Bb7 0-1

[Event "AUTO-OPEN-877"]
[Site "http://www.queenalice.com/game.php?id=291882"]
[Date "2007.10.23"]
[Round "1"]
[White "Renatogr90"]
[Black "Elvillamizar"]
[Result "1-0"]
[WhiteElo "1472"]
[BlackElo "1144"]

1. e4 e5 2. Nf3 Nf6 3. Nxe5 d6 4. Nf3 Nxe4 5. Qe2 Qe7 6. d3 Nf6 7. Qxe7+ Bxe7 8.
Bg5 Bg4 9. Bxf6 Bxf6 10. Be2 O-O 11. Nfd2 Bxe2 12. Kxe2 Re8+ 13. Ne4 Bxb2 14.
Nd2 Bxa1 15. Rxa1 d5 16. f3 dxe4 17. fxe4 Nc6 18. Nc4 Re6 19. Rb1 b6 20. c3 Ne5
21. Nxe5 1-0

[Event "AUTO-OPEN-877"]
[Site "http://www.queenalice.com/game.php?id=291883"]
[Date "2007.10.23"]
[Round "1"]
[White "Elvillamizar"]
[Black "Renatogr90"]
[Result "0-1"]
[WhiteElo "1141"]
[BlackElo "1475"]

1. d4 e6 2. c4 d5 3. Nf3 Bb4+ 4. Bd2 Bxd2+ 5. Nbxd2 dxc4 6. Nxc4 Nf6 7. e3 Nc6
8. Bd3 O-O 9. O-O b5 10. Nce5 Nxe5 11. Nxe5 Qd5 12. Qc2 Qb7 13. Be2 Qb6 14. Bf3
Bb7 15. Qe2 Bxf3 16. Qxf3 a5 17. Rac1 Qa7 18. Rc2 b4 19. b3 a4 20. bxa4 Qxa4 21.
Rfc1 b3 22. axb3 Qxb3 23. Rxc7 h6 0-1

[Event "AUTO-OPEN-877"]
[Site "http://www.queenalice.com/game.php?id=291901"]
[Date "2007.10.23"]
[Round "1"]
[White "bienopia"]
[Black "Elvillamizar"]
[Result "1-0"]
[WhiteElo "1895"]
[BlackElo "1105"]

1. d4 d5 2. f4 e6 3. a3 Nf6 4. Nf3 c5 5. c3 Be7 6. Be3 Nbd7 7. Ne5 O-O 8. Nd2
Nxe5 9. fxe5 Nd7 10. Bf2 b6 11. e3 1-0

[Event "AUTO-OPEN-878"]
[Site "http://www.queenalice.com/game.php?id=292618"]
[Date "2007.10.25"]
[Round "1"]
[White "Elvillamizar"]
[Black "Bebeto"]
[Result "0-1"]
[WhiteElo "1060"]
[BlackElo "1836"]

1. d4 Nf6 2. c4 g6 3. Nc3 Bg7 4. g3 O-O 5. Bg2 d6 6. Nf3 c6 7. O-O Nbd7 8. Bf4
Re8 9. Rc1 b6 10. e4 e5 11. dxe5 dxe5 0-1

[Event "AUTO-OPEN-878"]
[Site "http://www.queenalice.com/game.php?id=292619"]
[Date "2007.10.25"]
[Round "1"]
[White "Bebeto"]
[Black "Elvillamizar"]
[Result "1-0"]
[WhiteElo "1838"]
[BlackElo "1058"]

1. e4 e5 2. Nf3 Nf6 3. d3 Nc6 4. Be2 Bc5 5. c3 d5 6. Bg5 O-O 7. exd5 Qxd5 8.
Bxf6 gxf6 9. O-O Kh8 10. Nh4 Rg8 11. Bf3 1-0

[Event "AUTO-INT-663"]
[Site "http://www.queenalice.com/game.php?id=292958"]
[Date "2007.10.25"]
[Round "1"]
[White "Elvillamizar"]
[Black "kanibal"]
[Result "0-1"]
[WhiteElo "1132"]
[BlackElo "1499"]

1. d4 d5 2. c4 dxc4 3. Nc3 Nc6 4. Nf3 Bg4 5. e3 e6 6. Bxc4 Nf6 7. h3 Bxf3 8.
Qxf3 Nb4 9. O-O Nc2 10. Rb1 Nb4 0-1

[Event "AUTO-INT-663"]
[Site "http://www.queenalice.com/game.php?id=292959"]
[Date "2007.10.25"]
[Round "1"]
[White "kanibal"]
[Black "Elvillamizar"]
[Result "1-0"]
[WhiteElo "1497"]
[BlackElo "1134"]

1. e4 e5 2. Nf3 Nf6 3. Qe2 Nc6 4. Ng5 Be7 5. Qc4 O-O 6. Be2 d5 7. exd5 Qxd5 8.
Qxd5 Nxd5 9. d3 h6 10. Ne4 Bf5 11. O-O 1-0

[Event "AUTO-INT-663"]
[Site "http://www.queenalice.com/game.php?id=292960"]
[Date "2007.10.25"]
[Round "1"]
[White "Elvillamizar"]
[Black "antikythera"]
[Result "0-1"]
[WhiteElo "1165"]
[BlackElo "1528"]

1. d4 e6 2. c4 Bb4+ 3. Bd2 Bd6 4. c5 Bf8 5. e4 Nf6 6. Nc3 h5 7. Nf3 Ng4 8. Be2
Qf6 9. Rc1 Nc6 10. h3 Nh6 11. O-O e5 12. Bg5 Qg6 13. Qd2 f6 0-1

[Event "AUTO-INT-663"]
[Site "http://www.queenalice.com/game.php?id=292961"]
[Date "2007.10.25"]
[Round "1"]
[White "antikythera"]
[Black "Elvillamizar"]
[Result "1-0"]
[WhiteElo "1526"]
[BlackElo "1167"]

1. e3 e5 2. c3 d5 3. Nf3 Nc6 4. Bb5 e4 5. Ne5 Bd7 6. Bxc6 Bxc6 7. Qh5 Qe7 8. b3
Nf6 9. Qf5 g6 10. Qg5 Bg7 11. Ba3 Qe6 12. f4 O-O-O 13. Qg3 h5 14. Qf2 Nd7 15.
Nxd7 Bxd7 16. b4 1-0